000 00315nam a22001457a 4500
008 210311b ||||| |||| 00| 0 eng d
020 _a9780205131501
041 _aeng
080 _25th
_a339.138
082 _a339.138
100 _a60
101 _aMAR
245 _aMarketing
_cSchoell, W. F
942 _2udc
_cBK
999 _c56438
_d56438